000 00558nam a2200169Ia 4500
003 Ost
005 20260507075702.0
008 260507s9999||||xx |||||||||||||| ||und||
040 _cfsecg
041 _aara
100 _aساعاتي، امين
_eمؤلف
245 0 _aادارة الموارد البشرية من النظرية الى التطبيق /
_c امين ساعاتي
260 _aالقاهرة:
_bدار الفكر العربي,
_c1998
300 _a259 صفحة؛
653 _aادارة افراد،قوى عاملة
942 _cكتاب
999 _c45845
_d45845